Movie Quotes by Genre: Musicals - Statistics

General Stats
  • This quiz has been taken 152 times
  • The average score is 7 of 25
Answer Stats
Hint Answer % Correct
Where is the child Cosette? Les Miserables
72%
Please, sir. I want some more. Oliver!
63%
You can't just walk out of a drive-in. Grease
59%
You won't get any dancing here. It's illegal. Footloose
56%
We're not talking about one hungry plant here, we're talking about world conquest. Little Shop of Horrors
53%
The greatest thing you'll ever learn is just to love and be loved in return. Moulin Rouge
37%
Give in to love or live in fear. Rent
35%
I beg your indulgence, Anthony. My mind is far from easy. In these once familiar streets, I feel shadows ... everywhere. Sweeney Todd: The Demon Barber of Fleet Street
35%
Leapin' lizards! Annie (1982)
34%
In this town, murder's a form of entertainment. Chicago
34%
I can bear it no longer! Goblin King! Goblin King! Wherever you may be take this child of mine far away from me! Labyrinth
29%
Sometimes I don't know which is thicker, your skull, or your accent! West Side Story
25%
Roger, there's only room in this band for one hysterical queen. Bohemian Rhapsody
24%
After all, the wool from the black sheep is just as warm. The Sound of Music
23%
So, what's a dancer doing working as a welder? Flashdance
22%
I would like, if I may, to take you on a strange journey. The Rocky Horror Picture Show
21%
I'm letting life hit me until it gets tired. Then I'll hit back. It's a classic rope-a-dope. La La Land
15%
I've had one motto which I've always lived by: Dignity. Always, dignity. Singin' in the Rain
13%
You have to purify yourself in Lake Minnetonka. Purple Rain
8%
I'm about as flamboyant as a bagel. Fame
7%
Real love is hard to come by. So, you find a way to cope without it. Rocketman
5%
No, wait. Here. This is something that I recorded last week. That song I was writing, the one about us. Please listen to it. Rock of Ages
5%
The new Oldsmobiles are in early this year. The Blues Brothers
2%
Oh, I'm going to be thinking about your nose for a long time. A Star is Born (2018)
0%
We must be over the rainbow! The Wizard of Oz (1939)
0%
No matching quizzes found
Score Distribution
Percent of People with Each Score
Percentile by Number Answered
Your Score History
You have not taken this quiz